Fast boat to China : (Record no. 591648)

000 -LEADER
fixed length control field 01809cam a22003734a 4500
001 - CONTROL NUMBER
control field 14078526
005 - DATE AND TIME OF LATEST TRANSACTION
control field 20221011095934.0
008 - FIXED-LENGTH DATA ELEMENTS--GENERAL INFORMATION
fixed length control field 050818s2006 nyuab b 001 0 eng
010 ## - LIBRARY OF CONGRESS CONTROL NUMBER
LC control number 2005053487
020 ## - INTERNATIONAL STANDARD BOOK NUMBER
International Standard Book Number 037542363X
020 ## - INTERNATIONAL STANDARD BOOK NUMBER
International Standard Book Number 9780375423635
035 ## - SYSTEM CONTROL NUMBER
System control number (OCoLC)ocm61361655
040 ## - CATALOGING SOURCE
Original cataloging agency DLC
Transcribing agency DLC
Modifying agency BAKER
-- C#P
-- YBM
-- DLC
042 ## - AUTHENTICATION CODE
Authentication code pcc
043 ## - GEOGRAPHIC AREA CODE
Geographic area code a-cc---
050 00 - LIBRARY OF CONGRESS CALL NUMBER
Classification number HD2365
Item number .R67 2006
082 00 - DEWEY DECIMAL CLASSIFICATION NUMBER
Classification number 331.792095113
Author Mark ROS
100 1# - MAIN ENTRY--PERSONAL NAME
Personal name Ross, Andrew,
Dates associated with a name 1956-
9 (RLIN) 99760
245 10 - TITLE STATEMENT
Title Fast boat to China :
Remainder of title corporate flight and the consequences of free trade : lessons from Shanghai /
Statement of responsibility, etc. Andrew Ross.
250 ## - EDITION STATEMENT
Edition statement 1st ed.
260 ## - PUBLICATION, DISTRIBUTION, ETC.
Place of publication, distribution, etc. New York :
Name of publisher, distributor, etc. Pantheon Books,
Date of publication, distribution, etc. c2006.
300 ## - PHYSICAL DESCRIPTION
Extent xi, 306 p. :
Other physical details ill., map ;
Dimensions 24 cm.
504 ## - BIBLIOGRAPHY, ETC. NOTE
Bibliography, etc. note Includes bibliographical references and index.
505 0# - FORMATTED CONTENTS NOTE
Formatted contents note The Shanghai squeeze -- Raising the bar -- The sent-up generation -- Mister Tata comes to town -- The Suzhou price -- Go west -- Cross-strait flights.
650 #0 - SUBJECT ADDED ENTRY--TOPICAL TERM
Topical term or geographic name entry element Contracting out
Geographic subdivision China
-- Shanghai Region.
9 (RLIN) 99761
650 #0 - SUBJECT ADDED ENTRY--TOPICAL TERM
Topical term or geographic name entry element Foreign trade and employment
Geographic subdivision China
-- Shanghai Region.
9 (RLIN) 99762
650 #0 - SUBJECT ADDED ENTRY--TOPICAL TERM
Topical term or geographic name entry element Wages
General subdivision Effect of international trade on
Geographic subdivision China
-- Shanghai Region.
9 (RLIN) 99763
856 42 - ELECTRONIC LOCATION AND ACCESS
Materials specified Contributor biographical information
Uniform Resource Identifier <a href="http://www.loc.gov/catdir/enhancements/fy0646/2005053487-b.html">http://www.loc.gov/catdir/enhancements/fy0646/2005053487-b.html</a>
856 42 - ELECTRONIC LOCATION AND ACCESS
Materials specified Publisher description
Uniform Resource Identifier <a href="http://www.loc.gov/catdir/enhancements/fy0646/2005053487-d.html">http://www.loc.gov/catdir/enhancements/fy0646/2005053487-d.html</a>
856 41 - ELECTRONIC LOCATION AND ACCESS
Materials specified Sample text
Uniform Resource Identifier <a href="http://www.loc.gov/catdir/enhancements/fy0646/2005053487-s.html">http://www.loc.gov/catdir/enhancements/fy0646/2005053487-s.html</a>
906 ## - LOCAL DATA ELEMENT F, LDF (RLIN)
a 7
b cbc
c orignew
d 1
e ocip
f 20
g y-gencatlg
942 ## - ADDED ENTRY ELEMENTS (KOHA)
Source of classification or shelving scheme
Koha item type Book
Holdings
Withdrawn status Lost status Source of classification or shelving scheme Damaged status Not for loan Permanent Location Current Location Shelving location Date acquired Source of acquisition Total Checkouts Full call number Barcode Date last seen Price effective from Koha item type
          Central Library (CL) Central Library (CL) Chinese Studies 10/11/2022 Donated by China Embassy   331.792095113 ROS CL-D-1924 10/11/2022 10/11/2022 Book
© 2023 Central Library, National University of Sciences and Technology. All Rights Reserved.